|
|
|
|
| LEADER |
00577nam a22001697a 4500 |
| 020 |
|
|
|a 9780199284382
|
| 082 |
|
|
|a 340.9
|b FAW/C
|
| 100 |
|
|
|a Fawcett, James
|
| 245 |
|
|
|a Cheshire, north and fawcett private international law
|
| 250 |
|
|
|a 14
|
| 260 |
|
|
|a Osford
|b Oxford University Press
|c 2008
|
| 300 |
|
|
|a 1390
|
| 650 |
|
|
|a Jurisdiction, foreign judgements and awards
|
| 700 |
|
|
|a Carruthers, Janeen M
|
| 942 |
|
|
|c BK
|
| 999 |
|
|
|c 35904
|d 35904
|
| 952 |
|
|
|0 0
|1 0
|4 0
|6 340_900000000000000_FAWC
|7 0
|8 Stack
|9 37994
|a KUCL
|b KUCL
|c Stack
|d 2015-11-13
|l 0
|o 340.9 FAW/C
|p 35254
|r 2015-11-13
|w 2015-11-13
|y BK
|